| 000 | 00602nam a22001937a 4500 | ||
|---|---|---|---|
| 003 | OSt | ||
| 005 | 20180116183042.0 | ||
| 008 | 160223b xxu||||| |||| 00| 0 eng d | ||
| 020 | _a30-120-2012-1 | ||
| 040 | _cLahore University of Management Sciences. | ||
| 050 | _a174.4 | ||
| 082 | _a174.4 | ||
| 100 | _aMUHAMMAD SHAKEEL SADIQ JAJJA, SYED ZAHOOR HASSAN. | ||
| 245 |
_aTHE QADRI-GROUP: INNOVATING IN FAMILY BUSINESS. _cMuhammad Shakeel Sadiq Jajja. |
||
| 260 |
_aLahore. _bLahore University of Management Sciences. _c2012. |
||
| 300 | _a30p. | ||
| 500 | _aPaper Cover | ||
| 942 |
_2ddc _cCS _k10102 |
||
| 999 |
_c351276 _d351276 |
||